| 000 | 00764nam a2200229 i 4500 | ||
|---|---|---|---|
| 001 | 137414 | ||
| 003 | ES-MaACL | ||
| 005 | 20231228203846.0 | ||
| 007 | t| | ||
| 008 | 070214s1984 sp f |||| | spa d | ||
| 100 | 1 |
_aSánchez-Albornoz, Claudio, _d1893-1984 _9102440 |
|
| 245 | 1 | 0 |
_aOrígenes y destino de Navarra _b; Trayectoria histórica de Vasconia ; Otros escritos / _cClaudio Sánchez-Albornoz. |
| 246 | 3 | 0 | _aTrayectoria histórica de Vasconia |
| 250 | _a1ª ed. | ||
| 260 |
_aBarcelona : _bPlaneta, _c1984. |
||
| 300 |
_a175 p., 1 lám. ; _c20 cm. |
||
| 490 | 1 |
_aEnsayo ; _v30 |
|
| 651 | 4 |
_aNavarra (Comunidad Autónoma)- _xHistoria. _99101 |
|
| 830 | 0 |
_aEnsayo ; _v30 _9177699 |
|
| 852 |
_aES-MaACL _jL-5628 |
||
| 999 |
_c137414 _d137414 |
||